000
00293nam a2200145Ia 4500
100
_a
Schildt/ Herbert
942
_c
BK
654
_a
C
245
_a
C:complete reference
260
_b
Osborne
_a
Berkeley
_c
1995
082
_a
1.6424
_b
SCH
300
_a
839
546
_a
ENGLISH
999
_c
21827
_d
21827